03208cam a22003255a 45000010009000000050017000090080041000260100017000670200016000840200019001000400034001190420008001530820026001611000029001872450105002162600050003213000027003715000024003985040035004225050344004575201753008016500023025546500029025776510010026066530021026166500039026379420030026769990017027069520159027231816151520201128023752.0140523s2014 nyua rb 001 0 eng d a 2014012603 a019982696X  a9780199826964  aDLCbengcDLCdEG-ScBUE dDLC apcc04a153.12024364bREI2221 aReisberg, Daniel.94042214aThe science of perception and memory :ba pragmatic guide for the justice system /cDaniel Reisberg. aNew York :bOxford University Press,cc.2014. axiii, 368 p. ;c24 cm. aIndex : p. 343-368. aBibliography : (p. [299]-341).8 aFoundational issues -- Perception : what can a witness see? -- Memory : general considerations -- Witness evidence : the steps leading to an identification -- Identification procedures -- Memory for voices and conversation -- Lies -- Confessions -- Jurors' cognition -- Children's memories -- Proper investigations with children -- Epilog. a"A robbery victim tries to remember how the crime unfolded and who was present at the scene. A medical patient recalls the doctor saying that the pain in her side wasn't worrisome, and now that the tumor is much larger, she's suing. An investigation of insider trading hinges on someone's memory of exactly what was said at a particular business meeting. In these and countless other examples, our ability to remember our experiences is crucial for the justice system. The problem, though, is that perception and memory are fallible. How often do our eyes or memories deceive us? Is there some way to avoid these errors, perhaps by gathering our memory-based evidence in just the right way? Can we specify the circumstances in which perceptual or memory errors are more or less likely to occur? Professor Daniel Reisberg tackles these questions, drawing on the available science and also his experience in training attorneys. He provides detailed pragmatic advice that will prove helpful to law enforcement, prosecutors, defenders, and anyone else who hopes to maximize the quality of the evidence available to the courts--whether the evidence is coming from witnesses, victims, or defendants. This book is carefully rooted in research but written in a way that will make it fully accessible to non-scientists working in the justice system. Early chapters provide an overview of the relevant science--including how the research proceeds--and a broad portrait of how perception and memory function. Later chapters offer practical solutions for navigating situations involving eyewitness identifications, remembered conversations, evidence obtained from interviews with children, confession evidence and, along with it, the risks of false confession" 7aMemory2BUEsh9806 7aPerception2BUEsh940423 2BUEsh bLLAAWWcJuly2016 7933178aCognitive psychology2BUEsh 2ddce22k153.12024364 REI c22016d21988 00102ddc40708BaccahaMAINbMAINcLOWd2016-07-24ePurchaseg588.00h26080l1o153.12024364 REIp000032949r2025-07-15 00:00:00s2020-10-25v735.00yBB